มุมมองปกติ
มุมมองแบบ MARC
- ทวีพฤทธิ์ ศิริศักดิ์บรรจง.
รายการ Personal Name
001 - CONTROL NUMBER
- control field: 58223
003 - CONTROL NUMBER IDENTIFIER
- control field: NALT
005 - DATE AND TIME OF LATEST TRANSACTION
- control field: 20251217142514.0
008 - FIXED-LENGTH DATA ELEMENTS
- fixed length control field: 220610|| aca||aabn | a|a d
040 ## - CATALOGING SOURCE
- Original cataloging agency: NALT
100 0# - HEADING--PERSONAL NAME
- Personal name: ทวีพฤทธิ์ ศิริศักดิ์บรรจง.
